| 000 | 00371nam a2200085Ia 4500 | ||
|---|---|---|---|
| 008 | 180130s9999 xx 000 0 und d | ||
| 245 | _aAlien bodies : the search of desire | ||
| 300 | _aBook title: Somatic experience in psychoanalysis and psychotherapy : in the expressive language of the living--Acession number C20994; pages 58-72 | ||
| 650 | _aPSYCHOANALYSIS, PSYCHOTHERAPY | ||
| 999 |
_c354624 _d354624 |
||